The Nicomachean Ethics of Aristotle (Record no. 120534)
[ view plain ]
| 000 -LEADER | |
|---|---|
| fixed length control field | 00577nam a22001457a 4500 |
| 008 - FIXED-LENGTH DATA ELEMENTS--GENERAL INFORMATION | |
| fixed length control field | 140520b xxu||||| |||| 00| 0 eng d |
| 020 ## - INTERNATIONAL STANDARD BOOK NUMBER | |
| International Standard Book Number | 9781463536275 |
| 050 ## - LIBRARY OF CONGRESS CALL NUMBER | |
| Classification number | B430.A5179 2011 |
| 100 ## - MAIN ENTRY--PERSONAL NAME | |
| Personal name | Aristotle |
| 9 (RLIN) | 10347 |
| 245 ## - TITLE STATEMENT | |
| Title | The Nicomachean Ethics of Aristotle |
| Remainder of title | Every art, every action and persuit, is thought to aim at some good; and for this reason the good has rightly been declared to be the which all things aim. |
| Statement of responsibility, etc | Aristotle |
| 260 ## - PUBLICATION, DISTRIBUTION, ETC. (IMPRINT) | |
| Place of publication, distribution, etc | United States |
| Name of publisher, distributor, etc | Pacific Publishing Studio |
| Date of publication, distribution, etc | 2011 |
| 300 ## - PHYSICAL DESCRIPTION | |
| Extent | 118p. ; |
| Dimensions | 23cm. |
| 650 ## - SUBJECT ADDED ENTRY--TOPICAL TERM | |
| Source of heading or term | Ethics |
| 942 ## - ADDED ENTRY ELEMENTS (KOHA) | |
| Source of classification or shelving scheme | Library of Congress Classification |
| Item type | Monograph ( Printed materials) |
| Koha issues (borrowed), all copies | 6 |
| Withdrawn status | Lost status | Source of classification or shelving scheme | Damaged status | Not for loan | Collection code | Home library | Current library | Shelving location | Date acquired | Total Checkouts | Full call number | Barcode | Date last seen | Date last borrowed | Price effective from | Koha item type |
|---|---|---|---|---|---|---|---|---|---|---|---|---|---|---|---|---|
| Library of Congress Classification | Main Collection | ARRUPE LIBRARY | ARRUPE LIBRARY | Main Collection | 20/05/2014 | 13 | B430.A5179 2011 | 46500000759 | 07/05/2024 | 06/03/2018 | 20/05/2014 | Monograph ( Printed materials) | ||||
| Library of Congress Classification | Main Collection | ARRUPE LIBRARY | ARRUPE LIBRARY | Main Collection | 20/05/2014 | 12 | B430.A5179 2011 | 46500000758 | 12/12/2022 | 15/10/2020 | 20/05/2014 | Monograph ( Printed materials) |